000 00883nam a22002652a 4500
001 32948
003 BD-RjUL
005 20211209051924.0
008 140429s1957 ii b 001 0beng d
035 _aOCLC ocm16772102 from D951201M
_a(BD-RjUL)33038
040 _aORZ
_cORZ
_dNGU
_dEQO
_dBD-RjUL
_beng
041 _aeng
082 _a297.822
_bIVI 1957
100 1 _aIvanow, Wladimir.
_9100139
245 1 0 _aIbn Al-Qaddah :
_b(the alleged founder of Ismailism) /
_cW Ivanow.
250 _a2d rev. ed
260 _aBombay :
_bIsmaili Society,
_c1957.
300 _a159 p. ;
_c22 cm
500 _aFirst ed. published in 1946 under title: The alleged founder of Ismailism
600 1 0 _a'Abd Allāh ibn Maimūn,
_cal-Kaddāh,
_dd. 874-875?
_9100140
650 0 _aIsmailites
_9100141
830 0 _v., no. 9
_9100144
830 0 _aSeries A (Ismaili Society) ;
_9100143
942 _2ddc
_cBK
999 _c32948
_d32948